Los grandes pedagogos

Este libro recopila quince ensayos sobre los grandes pedagogos que no pretenden sustituir en modo alguno sus obras, más bien constituyen una introducción al campo de la educación en la lengua castellana.

Gespeichert in:
Bibliographische Detailangaben
Weitere Verfasser: Brubacher, John S.
Format: Buch
Sprache:Spanish
Veröffentlicht: México: Fondo de Cultura Económica, 1994
Schlagworte:
Online Zugang:Enlace del recurso
Tags: Tag hinzufügen
Keine Tags, Fügen Sie den ersten Tag hinzu!

MARC

LEADER 00000nam a2200000 a 4500
001 000935
008 030423s1994 mx # fr# #000|0#spa#d
020 |a 968-16-0468-7 
041 0 |a spa 
043 |a n-mx--- 
082 0 4 |a 370.092  |b G615g 
245 0 4 |a Los grandes pedagogos   |c John S. Brubacher ... [et al.] 
260 |a México:  |b Fondo de Cultura Económica,  |c 1994 
300 |a 341 p. 
500 |a En la carátula : Estudios realizados bajo la dirección de Jean Chateau 
520 3 |a Este libro recopila quince ensayos sobre los grandes pedagogos que no pretenden sustituir en modo alguno sus obras, más bien constituyen una introducción al campo de la educación en la lengua castellana. 
534 |p Título original:  |t Les grands pédagogues 
650 1 4 |a EDUCACIÓN 
650 1 4 |a PEDAGOGÍA 
700 1 |a Brubacher, John S. 
999 |c 3087  |d 3087 
856 |u https://catalogo.idep.edu.co/cgi-bin/koha/opac-detail.pl?biblionumber=3087  |z Enlace del recurso